000
00313nam a22001337a 4500
008
180917b xxu||||| |||| 00| 0 eng d
020
_a
0875814174
041
_a
eng
080
_a
159.9
100
_a
49
101
_a
PSI
245
_a
Tactocs In Counseling And Psychotherapy
_c
Mosak.H.H
942
_2
udc
_c
BK
999
_c
47865
_d
47865